| 000 | 00573cam a2200193 a 4500 | ||
|---|---|---|---|
| 020 | _a0816515425 (alk. paper) | ||
| 020 | _a0816515654 (pbk. : alk. paper) | ||
| 040 | _cDLC | ||
| 082 | 0 | 0 | _a331 UNI 1995 C154 Or. |
| 245 | 0 | 0 |
_aGender and agricultural development : _bsurveying the field / |
| 260 |
_aTucson : _bUniversity of Arizona Press, _cc1995 |
||
| 300 |
_axvi, 161 p. ; _c24 cm |
||
| 650 | 0 | _aWomen in agriculture | |
| 650 | 0 | _aWomen farmers | |
| 650 | 0 | _aWomen in development | |
| 700 | 1 | _aHenderson, Helen Kreider | |
| 700 | 1 | _aHansen, Ellen | |
| 942 | _cAEDBB | ||
| 999 |
_c18940 _d18940 |
||